000 00459nam a2200169Ia 4500
003 OSt
005 20260310113705.0
008 211028s2012 xx 000 0 und d
040 _cAIMIT LIBRARY
041 _aeng
100 _aKulkarni, Pradeep; Prabhu, S Aravinda.
_g91717
_93624
110 _aSanthosh B.
_93625
245 _aLeave management system /
260 _aBangalore
_c2012
710 _aTry Catch Technologies Pvt Ltd
_93626
942 _2ddc
_cPRO
999 _c217295
_d217295